000 00703nam a22002057a 4500
003 0
005 20240907155039.0
008 240907b xxu||||| |||| 00| 0 eng d
020 _a978-1-350-25890-7
050 _aPE 1128
_b.G75 2024
100 _aGriffee, Dale T.
245 _aUsing theories for second language teaching and learning
_cDale T. Griffee and Greta Gorsuch
260 _aLondon
_bBloomsbury Academic
_c2024
300 _aix, 274 pages ;
_c24cm.
504 _aIncludes bibliographical references, index, and glossary.
650 _aEnglish language--study&teaching--foreign speakers.
650 _aAbility testing.
650 _aSecond language acquisition.
942 _2lcc
_cBK
999 _c366193
_d366193